Surface and subsurface hydrology : (Record no. 145812)

MARC details
000 -LEADER
fixed length control field 01052nam a2200229 a 4500
008 - FIXED-LENGTH DATA ELEMENTS--GENERAL INFORMATION
fixed length control field
020 ## - INTERNATIONAL STANDARD BOOK NUMBER
International Standard Book Number 0918334284
049 ## - LOCAL HOLDINGS (OCLC)
Holding library MAIN
090 0# - LOCALLY ASSIGNED LC-TYPE CALL NUMBER (OCLC); LOCAL CALL NUMBER (RLIN)
Classification number (OCLC) (R) ; Classification number, CALL (RLIN) (NR) GB983.2
003 - CONTROL NUMBER IDENTIFIER
control field
005 - DATE AND TIME OF LATEST TRANSACTION
control field 20230123133257.0
040 ## - CATALOGING SOURCE
Transcribing agency NUST
111 20 - MAIN ENTRY--MEETING NAME
Meeting name or jurisdiction name as entry element International Hydrology Symposium
Number of part/section/meeting (3rd :
Date of meeting or treaty signing 1977 :
Location of meeting Colorado State University)
245 10 - TITLE STATEMENT
Title Surface and subsurface hydrology :
Remainder of title proceedings of the Fort Collins Third International Hydrology Symposium, on theoretical and applied hydrology, held at Colorado State University, Fort Collins, Colorado, USA, July 27-29, 1977 /
Statement of responsibility, etc. edited by Hubert J. Morel-Seytoux, general editor, Jose D. Salas, Thomas G. Sanders, and Roger E. Smith, technical editors.
260 0# - PUBLICATION, DISTRIBUTION, ETC.
Place of publication, distribution, etc. Fort Collins, Colo. :
Name of publisher, distributor, etc. Water Resources Publications,
Date of publication, distribution, etc. c1979.
300 ## - PHYSICAL DESCRIPTION
Extent xiv, 792 p. :
Other physical details ill. ;
Dimensions 23 cm.
504 ## - BIBLIOGRAPHY, ETC. NOTE
Bibliography, etc. note Includes bibliographical references.
650 #0 - SUBJECT ADDED ENTRY--TOPICAL TERM
Topical term or geographic name entry element Hydrology
General subdivision Congresses.
700 20 - ADDED ENTRY--PERSONAL NAME
Personal name Morel-Seytoux, Hubert J.
907 ## - LOCAL DATA ELEMENT G, LDG (RLIN)
a .b1007725x
b 13-06-03
c 13-06-03
942 ## - ADDED ENTRY ELEMENTS (KOHA)
Koha item type Ordinary Loan Books
Call number prefix GB983.2
Holdings
Date last seen Total Checkouts Full call number Barcode Cost, replacement price Price effective from Koha item type Lost status Source of classification or shelving scheme Damaged status Not for loan Collection Withdrawn status Home library Current library Shelving location Date acquired Cost, normal purchase price
01/23/2023 4 GB983.2 SUR 92003001082 80.00 01/23/2023 BOOKS   LCC     NFIC   MAIN MAIN GEN 01/23/2023 80.00